Maiores Cidades do Sertão de Pernambuco - Statistics

Estatísticas Gerais
  • Esse quiz foi jogado 9 vezes
  • A pontuação média é 8 de 20
Estatísticas das Respostas
População Cidade % Correto
418.444 Petrolina
88%
65.946 Salgueiro
63%
82.487 Arcoverde
50%
68.489 Ouricuri
50%
98.816 Serra Talhada
50%
42.672 Afogados da Ingazeira
38%
90.504 Araripina
38%
36.145 Bodocó
38%
39.609 Custódia
38%
33.486 Exu
38%
31.702 Floresta
38%
30.720 Ipubi
38%
32.508 São José do Egito
38%
34.271 Sertânia
38%
29.180 Tabira
38%
31.762 Cabrobó
25%
36.104 Petrolândia
25%
42.782 Santa Maria da Boa Vista
25%
36.890 São José do Belmonte
25%
32.257 Trindade
25%
Nenhum quiz correspondente encontrado
Distribuição das Pontuações
Porcentagem de Pessoas com Cada Pontuação
Percentil de Números Respondidos
Sua Pontuação Histórica
Você não jogou esse quiz